书目信息 |
| 题名: |
跨文化交际
|
|
| 作者: | 哈蒂姆 , Hatim 著 | |
| 分册: | ||
| 出版信息: | 上海 上海外语教育出版社 2001 |
|
| 页数: | 235页 | |
| 开本: | 21cm | |
| 丛书名: | 国外翻译研究丛书 | |
| 单 册: | ||
| 中图分类: | H0 , H059 | |
| 科图分类: | ||
| 主题词: | 翻译理论--研究--英文 , 对比语言学--研究--英文 , 翻译理论 , 对比语言学 | |
| 电子资源: | ||
| ISBN: | 7-81080-121-X | |
| 000 | 01304oam2 2200349 450 | |
| 001 | 1262770172 | |
| 005 | 20121015172632.90 | |
| 010 | @a7-81080-121-X@dCNY14.50 | |
| 100 | @a20010725d2001 kemy0chiy0110 ea | |
| 101 | 0 | @aeng@gchi |
| 102 | @aCN@b310000 | |
| 105 | @ay z 000yy | |
| 200 | 1 | @a跨文化交际@Akua wen hua jiao ji@e翻译理论与对比篇章语言学@f[英]巴兹尔·哈蒂姆(Basil Hatim)[著] |
| 210 | @a上海@c上海外语教育出版社@d2001 | |
| 215 | @a235页@d21cm | |
| 225 | 2 | @a国外翻译研究丛书@v2 |
| 305 | @a由埃克塞特大学出版社授权出版 | |
| 314 | @a巴兹尔·哈蒂姆(Basil Hatim),爱丁堡赫里奥特——沃特大学阿拉伯语研究中心主任,著有《跨文化交际》等。 | |
| 330 | @a本书深入翻译与跨文化交际这一错综复杂的研究领域,将三个学科——对比语言学、篇章语言学和翻译理论结合起来。 | |
| 461 | 0 | @12001 @a国外翻译研究丛书 |
| 510 | 1 | @aCommunication Across Cultures@eTranslation Theory and Contrastive Text Linguistics@zeng |
| 517 | 1 | @a翻译理论与对比篇章语言学@Afan yi li lun yu dui bi pian zhang yu yan xue |
| 606 | 0 | @a翻译理论@x研究@j英文 |
| 606 | 0 | @a对比语言学@x研究@j英文 |
| 606 | 0 | @a翻译理论 |
| 606 | 0 | @a对比语言学 |
| 690 | @aH0@v4 | |
| 690 | @aH059@v4 | |
| 701 | 1 | @a哈蒂姆@Aha di mu@bB.@4著 |
| 701 | 1 | @aHatim@bBasil@4著 |
| 801 | 0 | @aCN@bNLC@c20101222 |
| 905 | @a10447@dH0@eJY94 | |
| 跨文化交际:翻译理论与对比篇章语言学/[英]巴兹尔·哈蒂姆(Basil Hatim)[著].-上海:上海外语教育出版社,2001 |
| 235页;21cm.-(国外翻译研究丛书;2) |
| ISBN 7-81080-121-X:CNY14.50 |
| 本书深入翻译与跨文化交际这一错综复杂的研究领域,将三个学科——对比语言学、篇章语言学和翻译理论结合起来。 |
| ● |
| 相关链接 |
|
|
|
|
正题名:跨文化交际
索取号:H0/JY94
 
预约/预借
| 序号 | 登录号 | 条形码 | 馆藏地/架位号 | 状态 | 备注 |
| 1 | 7828958 | 278289585 | 学院路分馆/ [索取号:H0/JY94] | 在馆 | |
| 2 | 7828959 | 278289594 | 学院路分馆/ [索取号:H0/JY94] | 在馆 | |
| 3 | 7828960 | 278289601 | 学院路分馆/ [索取号:H0/JY94] | 在馆 | |
| 4 | 7828961 | 278289610 | 学院路分馆/ [索取号:H0/JY94] | 在馆 |